MARC

LEADER 00000nam0a2200000 4500
001 320626
005 20231102003311.0
010 |a 9780132464505 
035 |a (RuTPU)RU\TPU\book\346157 
035 |a RU\TPU\book\199400 
090 |a 320626 
100 |a 20160712d2009 m y0engy50 ba 
101 0 |a eng 
102 |a US 
105 |a y j 001zy 
200 1 |a Understanding and using English grammar with answer key  |f B. S. Azar, S. A. Hagen 
205 |a 4th ed. 
210 |a New York  |c Longman  |d 2009 
215 |a 530 p.  |c il.  |e CD-ROM 
320 |a Index: p. 517-525. 
606 1 |a Английский язык  |x Учебные руководства и пособия для высшей школы  |x Пособия по грамматике  |2 stltpush  |3 (RuTPU)RU\TPU\subj\29073  |9 52485 
610 1 |a устная речь 
610 1 |a письменная речь 
610 1 |a упражнения 
610 1 |a ошибки 
610 1 |a самостоятельная работа 
686 |a Ш143.21-923.2  |v LBC/SL-A  |2 rubbk 
700 1 |a Azar  |b B. S.  |g Betty Schrampfer 
701 1 |a Hagen  |b S. A.  |g Stacy 
801 1 |a RU  |b 63413507  |c 20100824 
801 2 |a RU  |b 63413507  |c 20160718  |g RCR 
942 |c BK